| 000 | 00406nam a2200157 i 4500 | ||
|---|---|---|---|
| 001 | 45796 | ||
| 003 | ES-MaACL | ||
| 007 | t| | ||
| 008 | 030327s1973 it ||||1| ita d | ||
| 100 | 1 |
_aColletti, Lucio. _939697 |
|
| 245 | 1 | 3 |
_aIl marxismo e Hegel / _cLucio Colletti. |
| 250 | _a[4ยช ed.]. | ||
| 260 |
_a[Roma] : _bLaterza, _c1973. |
||
| 300 |
_a439 p. ; _c21 cm. |
||
| 852 |
_aES-MaACL _jE-9500 _bR.94280 |
||
| 999 |
_c45796 _d45796 |
||